Motivating students of quantitatively oriented classes how to encourage to learn using new sotware and how to handle students with different level of skills

Salvato in:
Dettagli Bibliografici
Autore principale: Mikušová, Nora, 1978-
Natura: Capitolo di libro
Lingua:inglese
Tags: Aggiungi Tag
Nessun Tag, puoi essere il primo ad aggiungerne!!

MARC

LEADER 00000naa$a2200000$$$4500
001 0050488
005 20240711093021.4
041 0 |a eng 
044 |a GB 
245 1 0 |a Motivating students of quantitatively oriented classes  |b how to encourage to learn using new sotware and how to handle students with different level of skills  |c Nora Mikušová 
100 1 |a Mikušová, Nora, 1978-